000 00265nam a2200121Ia 4500
008 191201s1991 xx 000 0 und d
100 _aTOFFLER, Alvin
245 0 _aPower Shift
260 _aN. Delhi
_bIBD
_c1991
300 _a611
650 _aMBA
942 _2ddc
_cBK
999 _c5200
_d5200